000 00315nam a2200133Ia 4500
005 20251222141933.0
008 251222s9999||||xx |||||||||||||| ||spa||
020 _a84-7279-159-9
082 _a249.8/B74
100 _aBorrĂ¡s Betriu, Jaime
245 0 _aDe Hombre a Mujer
264 _bHogar del Libro
942 _cLIB
999 _c9083
_d9083